Регионална библиотека "Любен Каравелов" - Русе

Практическо овощарство (Запис номер 32940)

MARC детайли
000 -Лидер
Контролно поле с фиксирана дължина 01543nam a2200349 c 4500
003 - Код на организацията, давaща контролен номер
Контролно поле BLK
005 - Дата и час на последна редакция
Контролно поле 20250725151712.0
008 - Елементи от данни с фиксирана дължина
fixed length control field 180408b bul|||||r ||||||| ||bul||
010 ## - Наследен системен номер
LC control number KNG00035620000
020 ## - Международен стандартен номер на книга ISBN
Международен стандартен номер на книга ISBN 954-8496-33-Х
-- издат.: Дионис
040 ## - Източник на каталожния запис
Идентификатор на билиотеката - собственик на записа BLK
041 ## - Код за език
Код за езика на текст/звукозапис или на отделно заглавие Български
Код за езика КДБФ Български
080 ## - УДК
Текстов определител УДК
УДК код - определител по УДК 634.1/.7
УДК определител (035)
УДК - код + определител 634.1/.7(035)
100 1# - Редна дума - Автор
Автор Пепелянков, Гено Йорданов
Авторска отговорност първи автор
R(LIN) 108511
139 ## - Редно поле
Редна дума Пепелянков, Гено Йорданов и др.
Авторски знак Пенч - П 36
245 10 - Сведения за заглавието
Заглавие Практическо овощарство
Подзаглавни данни 88 черно-бели ил. и 61 цв. сн., показващи характерните болести и неприятели по овощните видове : Ръководство
Редно поле (дума) Гено Йорданов Пепелянков; съавт. Георги Стоянов Тренчев.
257 ## - Страна на издаване
Страна на създаване/издаване България
260 ## - Област на издателските данни
-- София
Име на издателя, разпространителя и проч. Дионис
Година на издаване 2001
Печатница Перник : Съперник
300 ## - Физическа характеристика
Страници 327 с.
Илюстрации и др. с ил., 8 л. : цв. ил.
Размери/Мащаб 20 см
380 ## - Жанр
Жанр Селско стопанство
650 #4 - Допълнително описание по предмет – тема
Основно описание – тема или топоним Овощарство - наръчници и ръководства
9 (RLIN) 242002
653 ## - Ключова дума – ненормативна
Ключова дума овощарство
653 ## - Ключова дума – ненормативна
Ключова дума наръчници
653 ## - Ключова дума – ненормативна
Ключова дума ръководства
700 1# - Други автори (авторска отговорност)
Лично име Тренчев, Георги Стоянов
Автороска отговорност (Описва отношението между автора и произведението) съавт.
9 (RLIN) 272639
852 ## - Местоположение
Форматна сигнатура Цб 207953
856 4# - Електронен адрес и достъп
Електронен формат pdf - файл
Път до файла /url/
856 4# - Електронен адрес и достъп
Електронен формат pdf - файл
Път до файла /url/
942 ## - АРТИКУЛИ
Вид на библиотечния материал Книги
Скрит в OPAC Не
Koha issues (borrowed), all copies 9
944 ## - СЪЗДАВАНЕ И РЕДАКЦИЯ на ЗАПИСА
Създаване/Редакция Създаване
Дата на регистрацията/редакция 19.02.2003
Статус, дата на статуса Минев Младен
Служител, извършил регистрацията/редакцията 30530
944 ## - СЪЗДАВАНЕ И РЕДАКЦИЯ на ЗАПИСА
Създаване/Редакция Редакция
Дата на регистрацията/редакция 13.12.2012
Статус, дата на статуса ф /
Служител, извършил регистрацията/редакцията
999 ## - СИСТЕМНИ КОНТРОЛНИ НОМЕРА
Koha biblionumber 32940
Koha biblioitemnumber 32940
Наличности
Код за отписване Код за изгубен артикул Източник на класификационната схема Код за повреда Коз за рестрикции Код за отдаване Артикулен № Име на библиотеката - собственик Име на библиотеката, в която се намира в момента Статус (Текущо местоположение) Дата на вписване в системата Местоположение - отдел Цена в лева Инвентарен номер Систематично азбучна сигнатура Баркод Номер на екземпляра Цена в евро Служебна бележка Служебен тип на артикула
Изтеглен Не е изгубен Universal Decimal Classification Не е повреден без рестрикции заемане за дома 52576 Регионална библиотека "Любен Каравелов" Русе Регионална библиотека "Любен Каравелов" Русе Заемна - подръчен фонд 2001-01-01 Заемна - подръчен фонд 8.90 662694 П 634.1/П 36 662694 1 4.55 Дост: Pk Вид: Ф N: стар фонд Дата: 01.01.2001 Книги
Изтеглен Не е изгубен Universal Decimal Classification Не е повреден без рестрикции заемане за дома 52577 Регионална библиотека "Любен Каравелов" Русе Регионална библиотека "Любен Каравелов" Русе Заемна - подръчен фонд 2002-06-07 Заемна - подръчен фонд 8.90 120000670338 П 634.1/П 36 120000670338 2 4.55 Дост: Pk Вид: Ф N: 20 Дата: 07.06.2002 Книги
  Не е изгубен Universal Decimal Classification Не е повреден без рестрикции ползва се в читалня 52578 Регионална библиотека "Любен Каравелов" Русе Регионална библиотека "Любен Каравелов" Русе Хранилище 2012-03-07 Хранилище 9.90 120000756456 Цб 207953 120000756456 3 5.06 Дост: Dp Вид: Д N: 17 Дата: 26.04.2011 Книги
  Не е изгубен   Не е повреден без рестрикции ползва се в читалня 52579 Регионална библиотека "Любен Каравелов" Русе Регионална библиотека "Любен Каравелов" Русе Читалня 2012-11-28 Читалня 4.95 120000761966 Ч 634.1/П 36 120000761966 4 2.53 Дост: Pk Вид: Ф N: 324 Дата: 19.11.2012 Дата инв: 20.03.2017 Бележки инв: Ч2017 Книги
  Не е изгубен Universal Decimal Classification Не е повреден без рестрикции заемане за дома 52580 Регионална библиотека "Любен Каравелов" Русе Регионална библиотека "Любен Каравелов" Русе Заемна - подръчен фонд 2012-11-28 Заемна - подръчен фонд 4.95 120000761967 П 634.1/П 36 120000761967 5 2.53 Дост: Pk Вид: Ф N: 324 Дата: 19.11.2012 Дата инв: 06.02.2018 Бележки инв: П2018 Книги
  Не е изгубен   Не е повреден без рестрикции заемане за дома 52581 Регионална библиотека "Любен Каравелов" Русе Регионална библиотека "Любен Каравелов" Русе Заемна - подръчен фонд 2012-11-28 Заемна - подръчен фонд 4.95 120000761968 П 634.1/П 36 120000761968 6 2.53 Дост: Pk Вид: Ф N: 324 Дата: 19.11.2012 Дата инв: 06.02.2018 Бележки инв: П2018 Книги
Vip Innovations Ltd, Rousse, Bulgaria 2025